[Event "Vergeze Gard-chC"]
[Site "Vergeze"]
[Date "2012.05.19"]
[Round "5"]
[White "Nicolas, Gabrielle"]
[Black "Colleo, Guy"]
[Result "0-1"]
[WhiteElo "1614"]
[BlackElo "1687"]
[PlyCount "62"]
[EventDate "2012.05.17"]
[EventType "tourn"]
[EventRounds "7"]
[EventCountry "FRA"]
[SourceTitle "EXT 2013"]
[Source "ChessBase"]
[SourceDate "2012.11.22"]
[SourceVersion "1"]
[SourceVersionDate "2012.11.22"]
[SourceQuality "1"]

1. d4 Nf6 2. c4 e5 3. e3 e4 4. Nc3 Bb4 5. Nge2 0-0 6. a3 Bxc3+ 7. Nxc3 d6 8. Be2 c6 9. 0-0 d5 10. b4 a6 11. a4 Be6 12. Qb3 Nbd7 13. a5 Re8 14. Na4 Rb8 15. Nc5 Bf5 16. Rd1 Nf8 17. Bd2 Qc8 18. cxd5 Nxd5 19. Bc4 Qd8 20. Rac1 Ng6 21. Na4 Nh4 22. Bf1 Qg5 23. Kh1 Bg4 24. Nc3 Bxd1 25. Rxd1 Rbd8 26. Ne2 Re6 27. Ng3 Kh8 28. Be2 f5 29. Rg1 Rh6 30. Qb2 Ng6 31. Be1 Rxh2+ 0-1